[Event "CRO-chT2b"]
[Site "Croatia"]
[Date "2009.03.01"]
[Round "2"]
[White "Glavica, Zeljko"]
[Black "Djurovic, Goran"]
[Result "1/2-1/2"]
[WhiteElo "2318"]
[BlackElo "2305"]
[PlyCount "127"]
[EventDate "2009.03.01"]
[EventType "team-tourn"]
[EventRounds "11"]
[EventCountry "CRO"]
[SourceTitle "EXT 2010"]
[Source "ChessBase"]
[SourceDate "2010.11.25"]
[SourceVersion "1"]
[SourceVersionDate "2010.11.25"]
[SourceQuality "1"]

1. d4 Nf6 2. c4 e6 3. Nc3 Bb4 4. Qc2 c5 5. dxc5 0-0 6. a3 Bxc5 7. Nf3 b6 8. Bg5 Bb7 9. e3 Be7 10. Bd3 h6 11. Bh4 Nh5 12. Bxe7 Qxe7 13. 0-0 Nf6 14. Rfd1 Rd8 15. Rac1 d6 16. Qe2 Nbd7 17. e4 Ng4 18. h3 Nge5 19. Nxe5 dxe5 20. Bc2 Nf6 21. Qe3 Rac8 22. Rxd8+ Qxd8 23. Rd1 Qe7 24. Bd3 Nd7 25. Be2 Nb8 26. Nb5 Ba6 27. Qd2 Kf8 28. b4 Nc6 29. Nd6 Rd8 30. c5 Bb7 31. f4 bxc5 32. bxc5 exf4 33. Qxf4 e5 34. Qf2 Bc8 35. Bc4 Be6 36. Bd5 Nd4 37. Rb1 Kg8 38. Rb7 Rd7 39. Rb8+ Kh7 40. Bxe6 fxe6 41. Rf8 Rc7 42. Rf7 Qd8 43. Rf8 Qg5 44. Nf7 Qc1+ 45. Kh2 Qf4+ 46. Qxf4 exf4 47. Rh8+ Kg6 48. Ne5+ Kg5 49. Nd3 Nb3 50. Rg8 a5 51. Rf8 Nxc5 52. Nxf4 h5 53. e5 h4 54. Ne2 Rd7 55. Ra8 a4 56. Ra5 Rd5 57. Nc3 Nb3 58. Rxa4 Rxe5 59. Rg4+ Kh5 60. Rxg7 Nd2 61. Rd7 Nf1+ 62. Kg1 Ng3 63. Kf2 Rc5 64. Nd1 1/2-1/2

[Event "Zagreb-ch"]
[Site "Zagreb"]
[Date "1995.??.??"]
[Round "?"]
[White "Jukic, Zdenko"]
[Black "Glavica, Zeljko"]
[Result "0-1"]
[WhiteElo "2240"]
[BlackElo "2290"]
[PlyCount "64"]
[EventDate "1995.??.??"]
[EventType "tourn"]
[EventRounds "9"]
[EventCountry "CRO"]
[EventCategory "3"]
[SourceTitle "EXT 2000"]
[Source "ChessBase"]
[SourceDate "1999.11.16"]
[SourceVersion "1"]
[SourceVersionDate "1999.11.16"]
[SourceQuality "1"]

1. d4 d5 2. c4 c6 3. Nc3 Nf6 4. Nf3 e6 5. Bg5 Nbd7 6. cxd5 exd5 7. e3 Be7 8. Qc2 0-0 9. Bd3 Re8 10. 0-0 Nf8 11. Rab1 a5 12. a3 Ne4 13. Bxe7 Qxe7 14. Bxe4 dxe4 15. Nd2 f5 16. d5 Ng6 17. dxc6 bxc6 18. Ne2 Ba6 19. Nc4 Kh8 20. Rbc1 Qg5 21. Rfe1 Bxc4 22. Qxc4 Ne5 23. Qa4 Nf3+ 24. Kh1 Nxe1 25. Rxe1 c5 26. Rc1 Qf6 27. Qc2 Rec8 28. Nf4 Rab8 29. Rb1 c4 30. Ne2 Qe5 31. h4 Qd6 32. Rd1 Rxb2 0-1